Defenders of Reason in Islam : (Record no. 3098)

MARC details
000 -LEADER
fixed length control field 007310000a22002530004500
003 - CONTROL NUMBER IDENTIFIER
control field LK-CoMWRAF
005 - DATE AND TIME OF LATEST TRANSACTION
control field 20230913105940.0
008 - FIXED-LENGTH DATA ELEMENTS--GENERAL INFORMATION
fixed length control field 230817t1997 ||||| |||| 00| 0 eng d
020 ## - INTERNATIONAL STANDARD BOOK NUMBER
International Standard Book Number 1851681477
040 ## - CATALOGING SOURCE
Original cataloging agency LK-CoMWRAF
Modifying agency LK-CoMWRAF
Description conventions LK-CoMWRAF
041 ## - LANGUAGE CODE
Language code of text/sound track or separate title English
082 ## - DEWEY DECIMAL CLASSIFICATION NUMBER
Classification number 297.83
Item number MAR
942 ## - ADDED ENTRY ELEMENTS (KOHA)
Koha item type Books
100 ## - MAIN ENTRY--PERSONAL NAME
Personal name Martin, Richard C.
100 ## - MAIN ENTRY--PERSONAL NAME
Personal name Atmaja,Dwi S.
700 ## - ADDED ENTRY--PERSONAL NAME
Personal name Woodward, Mark R.
Relator Term contributor
700 ## - ADDED ENTRY--PERSONAL NAME
Personal name Atmaja, Dwi S
Relator Term contributor
245 ## - TITLE STATEMENT
Title Defenders of Reason in Islam :
Remainder of title Mu'tazilism from medieval school to modern symbol
260 ## - PUBLICATION, DISTRIBUTION, ETC. (IMPRINT)
Name of publisher, distributor, etc. Oxford :
Place of publication, distribution, etc. Oneworld
Date of publication, distribution, etc. 1997
300 ## - PHYSICAL DESCRIPTION
Extent xv, 251p. ; 23cm.
650 ## - SUBJECT ADDED ENTRY--TOPICAL TERM
Topical term or geographic name as entry element Motazilites -- History
650 ## - SUBJECT ADDED ENTRY--TOPICAL TERM
Topical term or geographic name as entry element Islam -- Doctrines
650 ## - SUBJECT ADDED ENTRY--TOPICAL TERM
Topical term or geographic name as entry element Islamic Rationalism
Holdings
Withdrawn status Lost status Damaged status Not for loan Permanent Location Current Location Date acquired Full call number Barcode Koha item type
        Resource center, Muslim Women's Research And Action Forum Resource center, Muslim Women's Research And Action Forum 2023-08-17 297.83 MAR RAF1067 Books

Copyright © 2023 Muslim Women's Research and Action Forum (MWRAF), No 27/3, Anderson Road, Kalubowila, Dehiwela. Funded by The Asia Fundation